| 000 | 00000cam 2200000za 4500 |
| 001 | 9.642181 |
| 003 | CaOODSP |
| 005 | 20260126165346 |
| 007 | cr ||||||||||| |
| 008 | 150407|1981||||xxc|||||o f|0| 0 fre d |
| 040 | |aCaOODSP|bfre |
| 043 | |an-cn--- |
| 086 | 1 |aA43-1112/1981F-PDF |
| 110 | 1 |aCanada.|bAgriculture Canada. |bDirection générale de recherche. |
| 245 | 10|aChampignons comestibles et vénéneux du Canada |h[ressource électronique] / |cJ. Walton Groves ; addenda de S.A. Redhead. |
| 260 | |aOttawa : |bAgriculture Canada. |c1981. |
| 300 | |a356 p. |
| 500 | |aPublication historique numérisée par Agriculture et Agroalimentaire Canada. |
| 590 | |a13-17-Supp|b2013-07-25 |
| 775 | 08|tEdible and poisonous mushrooms of Canada |w(CaOODSP)9.697433 |
| 776 | 0#|tChampignons comestibles et vénéneux du Canada / |w(CaOODSP)9.682268 |
| 856 | 40|qPDF|s29.29 Mo|uhttps://publications.gc.ca/collections/collection_2013/aac-aafc/agrhist/A43-1112-1981-fra.pdf |
| 986 | |a1112 |